| 000 | 00000nam##2200000za#4500 |
| 001 | 9.601939 |
| 003 | CaOODSP |
| 005 | 20210624210321 |
| 007 | cr ||||||||||| |
| 008 | 150406|1998||||xxc|||||o f|0| 0 fre|d |
| 040 | |aCaOODSP|bfre |
| 043 | |an-cn--- |
| 086 | 1 |aTU3-5/98-36F-PDF |
| 110 | 2 |aBureau de la sécurité des transports du Canada. |
| 245 | 10|aPerte de maîtrise/atterrissage dur, Canadian Helicopters Ltd., Eurocopter AS350B ASTAR (hélicoptère) C-FSLF 22 milles au sud de Slave Lake (Alberta), 31 août 1998 |h[ressource électronique] |
| 260 | |aGatineau - Québec : |bBureau de la sécurité des transports du Canada |c[1999]. |
| 300 | |a5p. |
| 490 | 1 |aRapport d'enquête aéronautique |vA98W0181 |
| 500 | |a«La publication de ce rapport a été autorisée le 14 octobre 1999 par le Bureau»--p.5 de 5. |
| 590 | |a12-18-Supp|b2012-04-25 |
| 775 | 08|tLoss of control/hard landing, Canadian Helicopters Ltd., Eurocopter AS350B ASTAR (helicopter) C-FSLF, Slave Lake, Alberta 22 mi S, 31 August 1998 |w(CaOODSP)9.571325 |
| 830 | #0|aRapport d'enquête aéronautique ;|vA98W0181|w(CaOODSP)9.501229 |
| 856 | 40|ahttp://publications.gc.ca|qPDF|s73 Ko|uhttps://publications.gc.ca/collections/collection_2011/bst-tsb/TU3-5-98-36-fra.pdf|yA98W0181 |